NBA Top 100 All-Time: Dunks - Statistics

General Stats
  • This quiz has been taken 641 times
    409 since last reset
  • The average score is 39 of 100
Answer Stats
# Player Dunks % Correct
4 LeBron James 2,192
97%
1 Dwight Howard 2,950
93%
2 Shaquille O'Neal* 2,626
93%
3 DeAndre Jordan 2,403
91%
12 Kevin Durant 1,469
84%
32 Kobe Bryant 1,001
81%
20 Tim Duncan 1,145
80%
69 Russell Westbrook 652
76%
35 Vince Carter 941
76%
6 Giannis Antetokounmpo 1,934
73%
T56 Mitchell Robinson 750
73%
24 Blake Griffin 1,093
71%
T61 Jeff Green 723
70%
34 Jermaine O'Neal 944
70%
17 Kevin Garnett* 1,344
70%
8 Anthony Davis 1,725
69%
86 Antonio Davis* 604
68%
23 Dwyane Wade 1,098
67%
16 Pau Gasol 1,374
65%
5 Rudy Gobert 2,070
65%
T29 Ben Wallace 1,012
60%
39 Chris Bosh 906
60%
T95 Gerald Wallace 567
60%
26 Rasheed Wallace* 1,050
60%
25 Josh Smith 1,069
58%
38 Brook Lopez 920
57%
28 Carmelo Anthony 1,024
56%
T83 Kawhi Leonard 608
56%
9 Amar'e Stoudemire 1,593
55%
T89 Yao Ming 582
55%
50 Al Horford 817
54%
72 Karl-Anthony Towns 639
53%
22 Jarrett Allen 1,102
52%
15 Andre Drummond 1,390
51%
73 Dikembe Mutombo* 632
51%
45 Tristan Thompson 858
51%
31 Aaron Gordon 1,008
50%
40 Alonzo Mourning* 900
48%
41 LaMarcus Aldridge 896
48%
7 Tyson Chandler 1,735
46%
T29 Chris Webber* 1,012
43%
85 DeMarcus Cousins 605
43%
13 Clint Capela 1,467
42%
93 Jimmy Butler 576
41%
51 Serge Ibaka 815
41%
11 Shawn Marion 1,482
40%
53 Steven Adams 787
40%
T61 Jonas Valančiūnas 723
39%
92 Kristaps Porziņģis 577
39%
T89 Al Jefferson 582
38%
44 Richard Jefferson 878
38%
42 Bam Adebayo 894
37%
10 Andre Iguodala 1,502
34%
58 Eddy Curry 748
33%
64 Jason Richardson 669
32%
68 Andrew Bogut 655
31%
T80 Andrew Bynum 611
30%
97 Carlos Boozer 562
30%
79 Deandre Ayton 612
30%
14 JaVale McGee 1,422
30%
18 Kenyon Martin 1,278
30%
91 Elton Brand 581
29%
43 Hassan Whiteside 884
29%
47 Marcus Camby 844
29%
55 David Lee 751
27%
54 John Collins 760
25%
67 Thaddeus Young 660
24%
63 Ivica Zubac 709
24%
19 Nenê 1,224
24%
27 Rudy Gay 1,039
22%
21 Mason Plumlee 1,107
21%
65 Kenneth Faried 667
20%
98 Larry Nance Jr. 559
20%
48 Andrei Kirilenko 841
19%
88 Daniel Gafford 595
18%
60 Emeka Okafor 729
17%
82 Dwight Powell 609
15%
T56 Taj Gibson 750
14%
78 Trevor Ariza 613
14%
75 Jerry Stackhouse 628
13%
36 Derrick Favors 939
12%
33 Samuel Dalembert 998
12%
37 Shareef Abdur-Rahim 929
11%
70 Alex Len 651
10%
52 Brendan Haywood 799
10%
100 Chris Andersen 552
10%
46 Montrezl Harrell 857
10%
77 Theo Ratliff* 616
10%
99 Tony Battie 557
9%
66 Bismack Biyombo 663
8%
49 Erick Dampier 826
8%
71 Nerlens Noel 640
8%
87 Stromile Swift 596
8%
94 Richaun Holmes 570
6%
76 Willie Cauley-Stein 621
5%
74 Brandon Bass 629
4%
T80 J.J. Hickson 611
4%
T95 Donyell Marshall* 567
2%
T83 Kelvin Cato 608
2%
59 Chris Wilcox 741
0%
No matching quizzes found
Score Distribution
Percent of People with Each Score
Percentile by Number Answered
Your Score History
You have not taken this quiz since the last reset